000 00568nam a22001817a 4500
005 20251108165315.0
008 250721s2007 xx 000 0 ara d
082 1 4 _a211.63/نجا
100 1 _aالنجار، زغلول راغب محمد
245 1 0 _aمن آيات الإعجاز العلمي السماء في القرآن الكريم /
250 _aط4
264 1 _aبيروت :
_bدار المعرفة،
_c2007.
300 _a608ص.
650 1 7 _aاعجاز القرآن
650 1 7 _aالايات القرآنيه
942 _2ddc
_cBK
999 _c24696
_d24696